| 000 | 00361nam a2200133Ia 4500 | ||
|---|---|---|---|
| 008 | 240624s9999 xx 000 0 und d | ||
| 041 | _aeng | ||
| 082 | _a658.406 SOR | ||
| 100 | _aSORENSEN DAVID P | ||
| 245 | _aINNOVATIONS KEY TO BUSINESS SUCCESS | ||
| 260 |
_c2004 _aNew Delhi _bViva Books Pvt. Ltd. |
||
| 300 | _aviii, : 71 : p. : cm. ; 22 | ||
| 365 |
_cRS _b33 |
||
| 999 |
_c10836 _d10836 |
||